U.S. States with the Highest Percentage of People under 18 - Statistics

General Stats
  • This quiz has been taken 67 times
  • The average score is 6 of 10
Answer Stats
% State % Correct
27.0 Texas
79%
26.1 Alaska
70%
25.0 Arizona
70%
24.8 New Mexico
66%
25.4 Georgia
62%
31.3 Utah
62%
25.1 Mississippi
61%
25.3 Kansas
57%
27.0 Idaho
56%
25.0 Nebraska
48%
No matching quizzes found
Score Distribution
Percent of People with Each Score
Percentile by Number Answered
Your Score History
You have not taken this quiz